UITU Library & LRC     

Deaf Talk MYO (Record no. 32326)

MARC details
000 -LEADER
fixed length control field 00458nam a2200133Ia 4500
008 - FIXED-LENGTH DATA ELEMENTS--GENERAL INFORMATION
fixed length control field 260210s9999 xx 000 0 und d
024 ## - OTHER STANDARD IDENTIFIER
Standard number or code 15B-025-CS, 15B-026-CS, 15B-048-CS & 15B-049-CS
082 ## - DEWEY DECIMAL CLASSIFICATION NUMBER
Classification number 005.76072 MUH
100 ## - MAIN ENTRY--PERSONAL NAME
Personal name Muhammad Yaseen Khalid, Shayan Ullah Khan, Muzammil Ali & Syed Talha Maqsood
245 #0 - TITLE STATEMENT
Title Deaf Talk MYO
260 ## - PUBLICATION, DISTRIBUTION, ETC.
Place of publication, distribution, etc. Karachi:
Name of publisher, distributor, etc. UITU,
Date of publication, distribution, etc. 2015
600 ## - SUBJECT ADDED ENTRY--PERSONAL NAME
Personal name Computer Science
650 ## - SUBJECT ADDED ENTRY--TOPICAL TERM
Topical term or geographic name entry element Bachelor of Computer Science (BS)

No items available.

Powered by Koha